Statistiken für Ein Fall für TKKG – Charaktere

Klicken Sie hier um das Quiz zu spielen!

Allgemein

  • Dieses Quiz wurde 131 mal gespielt
  • Das Durchschnittsergebnis liegt bei 5 aus 6

Antwortstatistiken

HinweisName% Korrekt
TTarzan/Tim
99%
GGaby
97%
KKarl
97%
KKlößchen
97%
HundOskar
67%
KommissarEmil Glockner
66%

Verteilung der Resultate

Perzentil nach korrekt beantworteten Fragen

Anzahl Personen mit jedem Resultat

Ihre Resultats-Entwicklung

Sie haben dieses Quiz noch nicht gespielt